Coraz trudniejsza geografia Polski na mapie - Statystyki

Ogólne statystyki
  • Ten quiz został rozwiązany 7 104 razy
  • Średni wynik to 34 z 100
Odpowiedzi na mapie
Odpowiedzi zakodowano w zielono-czerwonej skali na mapie do tego quizu, zgodnie z poniższymi procentami.
 
Statystyki odpowiedzi
Rodzaj obiektu % Miejsce % Poprawnych
Rzeka 100% Wisła
100%
Sąsiedni kraj 99% Niemcy
99%
Sąsiedni kraj 97% Litwa
98%
Rzeka 98% Odra
98%
Szczyt 95% Rysy
80%
Województwo 92% Śląskie
76%
Województwo 90% Wielkopolskie
75%
Jezioro 94% Śniardwy
74%
Województwo 88% Lubelskie
72%
Województwo 85% Lubuskie
70%
Kraina historyczna 91% Mazowsze
69%
Miasto 78% Gdańsk
66%
Rzeka 87% Warta
66%
Województwo 80% Opolskie
65%
Miasto 75% Gdynia
64%
Szczyt 86% Śnieżka
62%
Miasto 71% Poznań
60%
Miasto 70% Szczecin
60%
Miasto 68% Łódź
59%
Miasto 67% Lublin
59%
Miasto 65% Białystok
58%
Port lotniczy 96% Port lotniczy Gdańsk-Rębiechowo im. Lecha Wałęsy
57%
Miasto 62% Hel
56%
Powiat 81% miasto Warszawa
56%
Miasto 59% Opole
55%
Stacja kolejowa 79% Katowice
54%
Park Narodowy 82% Białowieski PN
53%
Kraina historyczna 76% Podlasie
53%
Miasto 56% Kielce
52%
Stacja kolejowa 89% Kraków Główny
52%
Kraina historyczna 77% Warmia
52%
Jezioro 83% Mamry
51%
Wyspa 84% Uznam
48%
Miasto 47% Suwałki
47%
Miasto 48% Koszalin
44%
Port lotniczy 93% Port lotniczy Poznań-Ławica im. Henryka Wieniawskiego
41%
Park Narodowy 69% Kampinoski PN
40%
Pasmo górskie 60% Karkonosze
39%
Miasto 46% Gliwice
38%
Rzeka 61% Narew
38%
Park Narodowy 72% Słowiński PN
38%
Obiekt UNESCO 73% Zamek krzyżacki w Malborku
37%
Powiat 53% elbląski
36%
Miasto 40% Piła
34%
Park Narodowy 64% Świętokrzyski PN
34%
Rzeka 49% Nysa Łużycka
33%
Obiekt UNESCO 66% Auschwitz-Birkenau
32%
Rzeka 52% Dunajec
31%
Pasmo górskie 58% Góry Stołowe
30%
Jezioro 63% Łebsko
29%
Powiat 44% pilski
29%
Miasto 37% Inowrocław
28%
Miasto 34% Sandomierz
28%
Powiat 41% wejherowski
26%
Obiekt UNESCO 54% Królewskie Kopalnie Soli w Wieliczce i Bochni
25%
Miasto 31% Siedlce
25%
Obiekt UNESCO 74% Hala Stulecia we Wrocławiu
24%
Park Narodowy 57% Wielkopolski PN
24%
Pasmo górskie 45% Pieniny
23%
Park Narodowy 55% Babiogórski PN
22%
Park Narodowy 51% Roztoczański PN
22%
Powiat 36% bełchatowski
20%
Kraina historyczna 29% Łużyce
17%
Szczyt 35% Ślęża
16%
Miasto 20% Ustrzyki Dolne
16%
Kraina historyczna 39% Ziemia kłodzka
16%
Pasmo górskie 38% Beskid Śląski
15%
Park Narodowy 42% Gorczański PN
15%
Miasto 26% Jarosław
15%
Miasto 24% Ciechanow
14%
Park Narodowy 43% Drawieński PN
13%
Rzeka 28% Nogat
10%
Pasmo górskie 27% Góry Izerskie
9%
Obiekt UNESCO 50% Park Mużakowski
9%
Miasto 15% Wodzisław Śląski
9%
Kraina historyczna 25% Ziemia chełmińska
9%
Powiat 22% lubartowski
8%
Kraina historyczna 21% Spisz
8%
Rzeka 32% Barycz
7%
Pasmo górskie 23% Beskid Wyspowy
7%
Jezioro 33% Niegocin
7%
Rzeka 30% Gwda
6%
Rzeka 19% Łyna
6%
Miasto 10% Myślibórz
6%
Rzeka 16% Olza
6%
Pasmo górskie 17% Góry Złote
5%
Rzeka 13% Poprad
5%
Miasto 11% Morąg
4%
Kraina historyczna 12% Pomorze Przednie
4%
Pasmo górskie 14% Góry Kaczawskie
3%
Miasto 7% Krzyż Wielkopolski
3%
Szczyt 18% Radziejowa
3%
Miasto 6% Babimost
2%
Miasto 3% Grabów nad Prosną
2%
Pasmo górskie 9% Rudawy Janowickie
2%
Miasto 4% Wilamowice
2%
Wyspa 1% Karwia Kępa
1%
Rzeka 8% Lubaczówka
1%
Miasto 2% Wyśmierzyce
1%
Wyspa 5% Wyspa Estyjska
1%
Nie znaleziono quizów pasujących do podanych kryteriów
Rozkład punktacji
Procent ludzi z każdym wynikiem
Percentyl według liczby udzielonych odpowiedzi
Twoja historia wyników
Nie rozwiązałeś tego quizu